| 000 | 02409nam a2200433 a 4500 | ||
|---|---|---|---|
| 001 | ebr10535588 | ||
| 003 | CaPaEBR | ||
| 006 | m u | ||
| 007 | cr cn||||||||| | ||
| 008 | 110317s2012 njua sb 001 0 eng d | ||
| 010 | _z 2011010861 | ||
| 020 | _z9780813551890 (hardcover alk. paper) | ||
| 020 | _z0813551897 (hardcover alk. paper) | ||
| 020 | _z9780813551906 (pbk. alk. paper) | ||
| 020 | _z0813551900 (pbk. alk. paper) | ||
| 040 |
_aCaPaEBR _cCaPaEBR |
||
| 035 | _a(OCoLC)785785257 | ||
| 050 | 1 | 4 |
_aPS374.W64 _bS36 2012eb |
| 082 | 0 | 4 |
_a813/.5209352623 _222 |
| 100 | 1 |
_aScott, William, _d1968- |
|
| 245 | 1 | 0 |
_aTroublemakers _h[electronic resource] : _bpower, representation, and the fiction of the mass worker / _cWilliam Scott. |
| 246 | 3 | 0 | _aPower, representation, and the fiction of the mass worker |
| 260 |
_aNew Brunswick, N.J. : _bRutgers University Press, _cc2012. |
||
| 300 |
_ax, 284 p. : _bill. |
||
| 490 | 0 | _aAmerican literatures initiative | |
| 504 | _aIncludes bibliographical references and index. | ||
| 505 | 0 | _aIntroduction -- Part one: The making of the mass worker. The powerless worker and the failure of political representation : "the lowest and most degraded of human beasts"; The empowered worker and the technological representation of capital : "out of this furnace, this metal." Part two: Strategy and structure at the point of production. The disempowering worker and the aesthetic representation of industrial unionism: "I am the book that has no end!" ; The powerful worker and the demand for economic representation: "they planned to use their flesh, their bones, as a barricade" -- Conclusion: Making trouble on a global scale. | |
| 533 |
_aElectronic reproduction. _bPalo Alto, Calif. : _cebrary, _d2011. _nAvailable via World Wide Web. _nAccess may be limited to ebrary affiliated libraries. |
||
| 650 | 0 | _aWorking class in literature. | |
| 650 | 0 |
_aAmerican fiction _y20th century _xHistory and criticism. |
|
| 650 | 0 | _aPower (Social sciences) in literature. | |
| 650 | 0 | _aLabor movement in literature. | |
| 650 | 0 | _aWork in literature. | |
| 650 | 0 | _aSocial conflict in literature. | |
| 655 | 7 |
_aElectronic books. _2local |
|
| 710 | 2 | _aAmerican Literatures Initiative. | |
| 710 | 2 | _aebrary, Inc. | |
| 856 | 4 | 0 |
_uhttp://site.ebrary.com/lib/rucke/Doc?id=10535588 _zAn electronic book accessible through the World Wide Web; click to view |
| 999 |
_c243566 _d243566 |
||